| 000 | nam a22 7a 4500 | ||
|---|---|---|---|
| 999 |
_c232548 _d232548 |
||
| 003 | Nust | ||
| 005 | 20170220162203.0 | ||
| 008 | 170220b xxu||||| |||| 00| 0 eng d | ||
| 040 | _c0 | ||
| 050 | _a628 AAM | ||
| 082 | _a628 AAM | ||
| 100 | _aAamir Khan, Aitzaz Ahsan, Hussain Kamran, Muhammad Ahmad | ||
| 245 |
_aTreatment Of Inland Brackish Water Using Capacitive Deionization _cAamir Khan, Aitzaz Ahsan, Hussain Kamran, Muhammad Ahmad |
||
| 260 |
_aIslamabad _bIESE (SCEE) NUST _c2014. |
||
| 300 |
_a48 p. _bHB. |
||
| 440 | _aUG Environmental Engineering | ||
| 500 | _aThesis UG EE | ||
| 650 | _aEnvironmental Engineering | ||
| 700 | _4Dr. Yousuf Jamal (Supervisor) | ||
| 942 |
_2ddc _cTHE _kIESE |
||